[Event "Bremen Silvester op-B"]
[Site "Bremen"]
[Date "2022.12.28"]
[Round "3"]
[White "Junge, Julia Marie"]
[Black "Geike, Eberhard"]
[Result "1-0"]
[WhiteElo "1367"]
[BlackElo "1780"]
[PlyCount "53"]
[EventDate "2022.12.27"]
[EventType "swiss"]
[EventRounds "7"]
[EventCountry "GER"]
[SourceTitle "CBM 211 Extra"]
[Source "ChessBase"]
[SourceDate "2023.01.31"]
[SourceVersion "1"]
[SourceVersionDate "2023.01.31"]
[SourceQuality "1"]

1. e4 e5 2. f4 Nc6 3. Nf3 d6 4. Bc4 Be7 5. d3 h6 6. f5 g6 7. fxg6 fxg6 8. Bxg8 Rxg8 9. Bxh6 g5 10. Nxg5 Nd4 11. Qh5+ Kd7 12. Nf7 Qe8 13. Na3 Kc6 14. c3 Bg4 15. Nxe5+ dxe5 16. Qxe8+ Raxe8 17. cxd4 exd4 18. Rc1+ Kd7 19. Bf4 c6 20. Nc4 Be6 21. 0-0 Rg7 22. Ne5+ Kd8 23. b3 Reg8 24. Rc2 a5 25. Nc4 Bb4 26. Be5 Bc3 27. Bxg7 1-0

[Event "Berlin Lichtenrade op 09th"]
[Site "Berlin"]
[Date "2013.09.28"]
[Round "1"]
[White "Von Herman, Ulf"]
[Black "Geike, Eberhard"]
[Result "1-0"]
[WhiteElo "2391"]
[BlackElo "1831"]
[PlyCount "65"]
[EventDate "2013.09.28"]
[EventType "swiss"]
[EventRounds "9"]
[EventCountry "GER"]
[SourceTitle "CBM 156 Extra"]
[Source "ChessBase"]
[SourceDate "2013.10.22"]
[SourceVersion "1"]
[SourceVersionDate "2013.10.22"]
[SourceQuality "1"]

1. d4 e6 2. e4 b6 3. Nf3 Bb7 4. Bd3 c5 5. c3 d6 6. 0-0 Nf6 7. Qe2 Be7 8. Nbd2 0-0 9. a3 Qc7 10. e5 Nd5 11. Ne4 dxe5 12. dxe5 Qd7 13. Rd1 Kh8 14. c4 Nc7 15. Bc2 Qc6 16. Neg5 Bxg5 17. Bxg5 Ne8 18. Qd3 g6 19. Qe3 Nd7 20. Be7 Rg8 21. Rd2 f6 22. exf6 Ndxf6 23. Qe5 Kg7 24. Rad1 Kf7 25. Bxf6 Nxf6 26. Ng5+ Ke7 27. Be4 Nxe4 28. Rd7+ Ke8 29. Rc7 Nxg5 30. Rxc6 Bxc6 31. Qxg5 Rf8 32. Qe5 Bd7 33. Qg7 1-0